Flags with circles on them - Statistics

General Stats
  • This quiz has been taken 37 times
  • The average score is 22 of 25
Answer Stats
Picture Answer % Correct
Argentina
100%
Brazil
100%
India
100%
Portugal
100%
Bangladesh
96%
Japan
96%
Kazakhstan
96%
North Korea
96%
South Korea
96%
Ethiopia
89%
North Macedonia
89%
Paraguay
89%
Mongolia
85%
Palau
85%
Tunisia
85%
Uganda
85%
Belize
81%
Kyrgyzstan
81%
Laos
81%
Dominica
78%
Burundi
74%
Grenada
74%
Niger
74%
Namibia
70%
Rwanda
59%
No matching quizzes found
Score Distribution
Percent of People with Each Score
Percentile by Number Answered
Your Score History
You have not taken this quiz